One Piece Worst Generation - Statistics

General Stats
  • This quiz has been taken 506 times
  • The average score is 11 of 12
Answer Stats
Picture Answer % Correct
Monkey D. Luffy
100%
Roronoa Zoro
100%
Eustass Kid
99%
Marshall D. Teach
99%
Trafalgar D. Water Law
99%
Killer
95%
Jewelry Bonney
93%
X Drake
92%
Basil Hawkins
88%
Capone Bege
86%
Scratchmen Apoo
86%
Urouge
78%
No matching quizzes found
Score Distribution
Percent of People with Each Score
Percentile by Number Answered
Your Score History
You have not taken this quiz